Pensamiento jurídico e imperialismo en la historia de los Estados Unidos de Norteamérica /

Bibliographic Details
Main Author: Stadtmüller, Georg (Author)
Other Authors: Agurto Gonzáles, Carlos Antonio (Editor), Quequejana Mamani, Sonia Lidia (Editor), Choque Cuenca, Benigno (Editor), Caballero Austerlitz, Francisco de A. (Translator)
Format: Electronic eBook
Language:Spanish
Published: Santiago, Chile : Ediciones Olejnik, [2019]
Series:Biblioteca de filosofía del derecho.
Subjects:
Online Access:Digitalia Hispánica

MARC

LEADER 00000nam a2200000Ii 4500
001 DIGOLEJNK0646
003 NyNyDIG
006 m o d
007 cr |||||||||||
008 221030s2019 cl ob 000 0 spa d
035 |a (OCoLC)1352725936 
040 |a DGITA  |b eng  |e rda  |e pn  |c DGITA 
020 |z 9789563927184 
043 |a n-us--- 
050 1 4 |a JX1407 ebook 
100 1 |a Stadtmüller, Georg,  |e author. 
245 1 0 |a Pensamiento jurídico e imperialismo en la historia de los Estados Unidos de Norteamérica /  |c Georg Stadtmüller ; edición al cuidado de Carlos Antonio Agurto Gonzáles, Sonia Lidia Quequejana Mamani, Benigno Choque Cuenca ; traducción de Francisco de A. Caballero. 
264 1 |a Santiago, Chile :  |b Ediciones Olejnik,  |c [2019] 
300 |a 1 online resource. 
336 |a text  |b txt  |2 rdacontent 
337 |a computer  |b c  |2 rdamedia 
338 |a online resource  |b cr  |2 rdacarrier 
347 |a text file  |2 rdaft 
347 |b PDF 
490 1 |a Biblioteca de filosofía del derecho 
504 |a Includes bibliographical references. 
588 0 |a Online resource; title from PDF title page (Digitalia, viewed October 30, 2022) 
651 0 |a United States  |x Foreign relations. 
651 0 |a United States  |x History. 
655 0 |a Electronic books. 
700 1 |a Agurto Gonzáles, Carlos Antonio,  |e editor. 
700 1 |a Quequejana Mamani, Sonia Lidia,  |e editor. 
700 1 |a Choque Cuenca, Benigno,  |e editor. 
700 1 |a Caballero Austerlitz, Francisco de A.,  |e translator. 
791 2 |a Digitalia (Firm),  |e distributor. 
793 0 |g Digitalia eBook Collection:  |a Ediciones Olejnik 
776 0 8 |i Print version:  |a Stadtmüller, Georg.  |t Pensamiento jurídico e imperialismo en la historia de los Estados Unidos de Norteamérica.  |b Primera edición en Ediciones Olejnik.  |d Santiago, Chile : Ediciones Olejnik, 2019  |z 9789563927184 
830 0 |a Biblioteca de filosofía del derecho. 
856 4 0 |3 Digitalia Hispánica  |u https://www.digitaliapublishing.com/a/104620/ 
910 |a Premium collection: 2022